| 000 | 01212nam a2200325 i 4500 | ||
|---|---|---|---|
| 001 | 70692 | ||
| 003 | Mx-PuUPA | ||
| 005 | 20231014141042.0 | ||
| 008 | 231013s2023 flud fr 000 0 eng d | ||
| 020 |
_a9781032576473 _qempastado |
||
| 040 |
_cMx-PuUPA _aMx-PuUPA _bspa _dMx-PuUPA _erda |
||
| 041 | 0 | _aeng | |
| 245 | 0 | 0 |
_aSecurity engineering for embedded and cyber-physical systems / _cedited by Saad Motahhir, Yassine Maleh |
| 250 | _aFirst edition | ||
| 264 | 1 |
_aBoca Raton, FL : _bCRC Press, _c©2023 |
|
| 300 |
_aix, 226 páginas : _bdiagramas, tablas (en blanco y negro) ; _c24 cm |
||
| 336 |
_2rdacontent _atexto _btxt |
||
| 337 |
_2rdamedia _asin medio _bn |
||
| 338 |
_2rdacarrier _avolumen _bnc |
||
| 650 | 7 |
_2armarc _aSeguridad informática |
|
| 650 | 7 |
_2armarc _aComunicaciones digitales |
|
| 650 | 7 |
_2armarc _aObjetos cooperantes (Sistemas informáticos) _xMedidas de seguridad |
|
| 700 | 1 |
_aMotahhir, Saad, _eeditor _914989 |
|
| 700 | 1 |
_aMaleh, Yassine, _eeditor |
|
| 942 |
_2ddc _cLI _h006.22 _iS444 |
||
| 999 |
_c70692 _d70692 |
||